Largest Cities HinesBrothers Could've Been to - Statistics

General Stats
  • This quiz has been taken 7 times
  • The average score is 11 of 18
Answer Stats
Population City % Correct
22.1 Million New York City
100%
4.7 Million Berlin
83%
5.8 Million Detroit
83%
6.8 Million Houston
83%
17.7 Million Los Angeles
83%
6.4 Million Miami
83%
4.7 Million Phoenix
83%
7.9 Million San Francisco
83%
7.2 Million Dallas
67%
7.8 Million Boston
50%
9.8 Million Chicago
50%
4.2 Million Montréal
50%
7.4 Million Philadelphia
50%
4.4 Million Tampa
50%
7.5 Million Toronto
50%
5.9 Million Atlanta
33%
4.4 Million Seattle
33%
8.6 Million Washington
17%
No matching quizzes found
Score Distribution
Percent of People with Each Score
Percentile by Number Answered
Your Score History
You have not taken this quiz